000 00321nam a2200145Ia 4500
100 _aKHANNA/V.K./ VRAT/PREM
942 _cBK
366 _f20
654 _aTQM BASICS & BEYOND
245 _aTQM : PLANNING
260 _bNEW AGE INTL.
_aNew Delhi
_c2008
082 _a658.5/KHA/VRA
300 _a375
546 _aENGLISH
999 _c31648
_d31648